000 01221cam a22003977a 4500
003 CHAP
005 20220817043545.0
008 990622d1996 it rn 00110 eng d
010 _a78382
011 _a79354
020 _a9251039224
035 _a89576
040 _cCHAP
082 0 4 _a338.9
_bF3 v.138
110 2 _aFAO
245 1 0 _aEconomic development and environmental policy
_c/by Scott Barrett
260 _aRome :
_bFAO,
_c1996.
300 _a121 p.
410 2 _aFAO
490 0 _aDesarrollo económico y social
_v; 138
590 _aBATCH-UPD
_b10
_c20130110
_lUCH01
_h0344
590 _aBATCH-UPD
_b10
_c20130110
_lUCH01
_h1906
590 _aBATCH-UPD
_b10
_c20130410
_lUCH01
_h0017
590 _aBATCH-UPD
_b10
_c20130410
_lUCH01
_h1545
590 _aBATCH-UPD
_b10
_c20130914
_lUCH01
_h0541
590 _aCONVERSION
_b10
_c20130109
_lUCH01
_h1343
650 1 4 _aDesarrollo económico.
650 1 4 _aPolítica ambiental.
_990422
700 0 _aBarrett, Scott.
_910473
810 0 _aFAO
830 0 0 _aDesarrollo económico y social
_v; 138
_932058
901 _aBK
905 _aLilia Sánchez G.
942 _cLIBRO
949 _a338.9 F3 v.138
_bBC
_cFAO
_d33724000727285
_eFAO1
_h95855
_i89576
_kDonaciØn
_sb
999 _c78382
_d78382